00684nam a2200193Ia 4500008004100000020001800041082001700059100002100076245010400097250000800201260003200209300002400241500001900265600002700284650001500311942000700326952014000333999001700473240925s9999 xx 000 0 und d a9783030024833 a621.3815 IZA a Izadian, Afshin 0aFundamentals of modern electric circuit analysis and filter synthesis: a transfer function approach aN/A aNew York:bSpringerc,2019. a532p.bNAfOriginal aIncludes Index aEngineering Technology aTechnology cBK 001040708ETaUITUbUITUd2024-05-23eBook World Internationalg9911.68l0o621.3815 IZApQ15783r2024-09-25 07:17:52w0000-00-00yBK c18282d18282